| 000 | 00400pab a2200181 454500 | ||
|---|---|---|---|
| 008 | 180718b1997 xxu||||| |||| 00| 0 eng d | ||
| 100 | _aRoy, Arun | ||
| 245 | _aDemanding accountability | ||
| 260 | _c1997 | ||
| 300 | _ap.82-87 | ||
| 362 | _aJan | ||
| 650 | _aCorruption | ||
| 650 | _aCivil service | ||
| 700 | _aShanker Singh | ||
| 700 | _aDey, Nikhil | ||
| 773 | _aSeminar | ||
| 909 | _a34091 | ||
| 999 |
_c34091 _d34091 |
||